How to make money : An Ancient Guide to Wealth Management (Record no. 43484)

MARC details
000 -LEADER
fixed length control field 01324cam a2200397 i 4500
001 - CONTROL NUMBER
control field 23851064
005 - DATE AND TIME OF LATEST TRANSACTION
control field 20250416151128.0
008 - FIXED-LENGTH DATA ELEMENTS--GENERAL INFORMATION
fixed length control field 240830t20242024nju b 000 0 eng d
010 ## - LIBRARY OF CONGRESS CONTROL NUMBER
LC control number 2023385319
020 ## - INTERNATIONAL STANDARD BOOK NUMBER
International Standard Book Number 9780691239125
020 ## - INTERNATIONAL STANDARD BOOK NUMBER
International Standard Book Number 0691239126
020 ## - INTERNATIONAL STANDARD BOOK NUMBER
Canceled/invalid ISBN 9780691239132
035 ## - SYSTEM CONTROL NUMBER
System control number (OCoLC)on1394973059
041 1# - LANGUAGE CODE
Language code of text/sound track or separate title eng
-- grc
-- lat
Language code of original grc
-- lat
042 ## - AUTHENTICATION CODE
Authentication code lccopycat
043 ## - GEOGRAPHIC AREA CODE
Geographic area code ff-----
-- e------
-- aw-----
082 04 - DEWEY DECIMAL CLASSIFICATION NUMBER
Classification number 332.6 GRI
100 ## - MAIN ENTRY--PERSONAL NAME
Author Grillo,Luca
245 00 - TITLE STATEMENT
Title How to make money : An Ancient Guide to Wealth Management
260 ## - PUBLICATION, DISTRIBUTION, ETC.
Place New Jersey
Publisher Prinnceton University Press
Publication Year 2024
300 ## - PHYSICAL DESCRIPTION
Extent xvii, 228 pages ;
Dimensions 18 cm
504 ## - BIBLIOGRAPHY, ETC. NOTE
Bibliography, etc. note Includes bibliographical references.
650 ## - SUBJECT ADDED ENTRY--TOPICAL TERM
Subject Economic Conditions; History.
700 0# - ADDED ENTRY--PERSONAL NAME
Co-Author Pliny,
700 0# - ADDED ENTRY--PERSONAL NAME
Co-Author Pliny,
700 1# - ADDED ENTRY--PERSONAL NAME
Co-Author Grillo, Luca,
942 ## - ADDED ENTRY ELEMENTS (KOHA)
Koha item type Books
264 #1 - PRODUCTION, PUBLICATION, DISTRIBUTION, MANUFACTURE, AND COPYRIGHT NOTICE
Place of production, publication, distribution, manufacture Princeton, New Jersey :
Name of producer, publisher, distributor, manufacturer Princeton University Press,
Date of production, publication, distribution, manufacture, or copyright notice [2024]
264 #4 - PRODUCTION, PUBLICATION, DISTRIBUTION, MANUFACTURE, AND COPYRIGHT NOTICE
Date of production, publication, distribution, manufacture, or copyright notice ©2024
336 ## - CONTENT TYPE
Content type term text
Content type code txt
Source rdacontent
337 ## - MEDIA TYPE
Media type term unmediated
Media type code n
Source rdamedia
338 ## - CARRIER TYPE
Carrier type term volume
Carrier type code nc
Source rdacarrier
776 08 - ADDITIONAL PHYSICAL FORM ENTRY
Relationship information Electronic version:
Title How to make money.
Place, publisher, and date of publication Princeton : Princeton University Press, [2024]
International Standard Book Number 9780691239132
Record control number (OCoLC)1428903979
906 ## - LOCAL DATA ELEMENT F, LDF (RLIN)
a 7
b cbc
c copycat
d 2
e ncip
f 20
g y-gencatlg
Holdings
Withdrawn status Lost status Source of classification or shelving scheme Damaged status Not for loan Home library Current library Shelving location Accession Date Vendor Price Bill number Total Checkouts Full call number Barcode No Date last seen Date last checked out Discount Bill Date Koha item type Suggested By
    Dewey Decimal Classification     IMTN IMTN Rack 10-A 03/26/2025 Raghav Books Private Limited 599.00 2374 3 332.6 GRI 33909 10/14/2025 10/05/2025 30 02/14/2025 Books Harshal Lahase (2024523)
Designed & Maintained by: LRC IMT Nagpur Contact: lrc@imtnag.ac.in© 2024. All Rights Reserved.